Les villes des provinces belges -> le Brabant wallon - Map Quiz - Statistiques

Statistiques générales
  • Ce quiz a été pris 26 fois
  • Le résultat moyen est 8 sur 11
Réponses sur la Carte
Les réponses sont colorées sur une échelle allant du rouge au vert en fonction du pourcentage des utilisateurs qui les ont devinées à leur premier essai. Vous pouvez retrouver ces pourcentages ci-dessous.
 
Statistiques - réponses
Réponse % Correct
Louvain la neuve
84%
Villers-la-Ville
84%
Nivelles
74%
Tubize
74%
Jodoigne
68%
Waterloo
68%
Wavre
68%
La Hulpe
63%
Braine-l'Alleud
58%
Genappe
58%
Rixensart
53%
Aucun quiz correspondant
Distribution des résultats
% des personnes avec chaque résultat
Percentile par nombre de réponses
Votre historique - résultats
Vous n’avez pas pris ce quiz